banner koha

Destino final de embalagens vazias de defensivos agrícolas (Registro n. 300195)

MARC details
000 -LÍDER
fixed length control field 00690nab a2200205 4500
003 - CÓDIGO MARC DA AGÊNCIA CATALOGADORA
Campo de controle BR-BrBNA
005 - DATA E HORA DA ÚLTIMA ATUALIZAÇÃO
Campo de controle 20240623232750.0
008 - CAMPO DE TAMANHO FIXO
fixed length control field 240623b bl.||||| |||| 00| 0 por d
040 ## - FONTE DA CATALOGAÇÃO
Agência catalogadora BR-BrBNA
Idioma da catalogação por
072 ## - CATEGORIA AGRIS
Código AGRIS Q80 ; D50
100 ## - ENTRADA PRINCIPAL - NOME PESSOAL
Nome pessoal Araújo, Roberto
245 ## - TÍTULO PRINCIPAL
Título principal Destino final de embalagens vazias de defensivos agrícolas
942 ## - ADDED ENTRY ELEMENTS (KOHA)
Koha item type
650 ## - ASSUNTO - THESAGRO
Cabeçalho tópico ou nome geográfico DEFENSIVO
650 ## - ASSUNTO - THESAGRO
Cabeçalho tópico ou nome geográfico EMBALAGEM
650 ## - ASSUNTO - THESAGRO
Cabeçalho tópico ou nome geográfico DESCARTE
650 ## - ASSUNTO - THESAGRO
Cabeçalho tópico ou nome geográfico LEGISLAÇÃO
773 0# - ENTRADA ANALÍTICA
Host Biblionumber 4769
Registro do item 314614
Imprenta Bebedouro - SP Grupo Técnico de Assistência e Consultoria em Citrus 2001
Outro identificador 2024-0866
Título Ciência e Pratica (Brazil)
Colação v. 2(4) p. 3; (Jan-Mar 2002)
Número de controle de registro BR2024001867

Nenhum exemplar disponível.

BINAGRI

Telefone: (61)3218-2567/2388/3357/2097 - binagri@agro.gov.br

Ministério da Agricultura e Pecuária , Esplanada dos Ministérios, Bloco D, Anexo B, Brasília/DF, CEP: 70.043-900